000 00639nam a2200205 i 4500
001 30896
003 ES-MaACL
005 20250814045705.0
007 t|
008 030127m19071914fr |||| | fre d
100 1 _aBazard, A.
_926742
245 1 0 _aCours de mecanique /
_cpar A. Bazard.
260 _aParís :
_bE. Bernard,
_c1907-1914 (
_fL. Geilser)
300 _a5 v. :
_bil. ;
_c28 cm.
490 1 _aCours professés sux ecoles d'arts et métiere
650 0 7 _aMecánica
_2embne
_914869
830 0 _aCours professés sux ecoles d'arts et métiere
_9229354
852 _aES-MaACL
_jB-1745-49
999 _c30896
_d30896